00929nam a22002537a 450000500170000000800410001702000220005804000140008004100080009410000190010224501230012130000390024444000220028350000480030563000310035365000270038465100310041165100300044270000200047270000210049294200130051399900170052695201320054320210707115114.0210707b ||||| |||| 00| 0 eng d a978-2-10-071793-4 aBUACcBUC aFre aKarvinen, Tero aLes Capteurs pour Arduino et RaspberryPi :btutoriels et projetsc/ par Tero karvinen, Kimmo Karvinen, Ville Valtokari a282 p.bCoul.ill.en coul.;c24 cm. a(Collection Make) aAnnexe.pp. (277- 278) Index. pp.(279 - 282) aGENERALITES CULTURE-SAVOIR aCapteurs (technologie) aArduino microcontrôleur) aRaspberry Pi (ordinateur) aKarvinen, Kimmo aValtokari, Ville 2ddccLBA c62013d62013 00102ddc4070aBUACbBUACd2021-07-07eDON ARESf21/0008l0o621.395 KARp21-0008Bucr2021-07-07 00:00:00t1w2021-07-07yLBA